| 000 | 01173cad a22002175a 4500 | ||
|---|---|---|---|
| 001 | L157383 | ||
| 008 | 121120s2012 xxk f 000 0 eng d | ||
| 035 | _a(Sirsi) u157383 | ||
| 041 | 0 | _aeng | |
| 110 | 2 |
_aSavills _92020 |
|
| 245 | 0 | 0 |
_aBack to front _bHow the extreme conditions of the five past years will influence the next five _h[electronic resource] |
| 260 |
_aLondon _bSavills _c2012 |
||
| 490 | 0 |
_aSavills Residential Property Focus _v4 Qr 2012 |
|
| 520 | _aFive year house price forecasts 2013 to 2017 reflect the realities of a market which favours equity rich households and excludes those with a high borrowing requirement. Comments on predictions for the mainstream and prime market sectors including regional differences. Assesses supply and demand issues for Generation Rent with forecasts for growth across all private rented sectors. Concludes with a review of prospects for house building. | ||
| 590 | _aKA | ||
| 651 | 4 |
_aUnited Kingdom _y |
|
| 690 |
_aResidential property _96266 |
||
| 690 |
_aInvestments _96250 |
||
| 856 | 4 | 0 |
_uhttps://pdf.euro.savills.co.uk/residential---other/rpf-q412-lr.pdf _zView the report at www.savills.co.uk |
| 942 | _n0 | ||
| 999 |
_c114742 _d114742 |
||